| 000 | 00369nam a2200133Ia 4500 | ||
|---|---|---|---|
| 005 | 20260328104254.0 | ||
| 008 | 260328s9999||||xx |||||||||||||| ||und|| | ||
| 100 | _aOlthius, Koen | ||
| 245 | 0 |
_aFloat! Building on Water to Combat Urban Congestion and Climate Change / _cKoen Olthius |
|
| 260 | _bFrame | ||
| 300 | _a304 p. | ||
| 650 | _aARQUITECTURA CIVIL | ||
| 942 | _cBK | ||
| 999 |
_c10356 _d10356 |
||